000 00956nam a22003257a 4500
001 BR0603999
003 BR-BrBNA
005 20230928102257.0
007 ta
008 230509b bl.||||| |||| 00| 0 por d
040 _aBR-BrBNA
_bpor
_cBiblioteca Nacional de Agricultura
041 _a(Por)
072 _aP34; C10
090 _ P34 BR0603999
100 1 _aSiqueira, J.O.
110 1 _aAssociação Brasileira de Educação Agrícola Superior, Brasília, DF (Brasil)
_9275
245 1 _aMicorrizas na agricultura tropical (módulo 2.4)
_bCurso de agricultura tropical: os solos tropicais
260 3 _aBrasília, DF (Brasil):
_c[nd].
300 _a42 p.
500 _a10 tables; 7 illus.
650 _aMICORRIZA
650 _aFUNGO
650 _aNUTRIÇÃO VEGETAL
650 _aMICROBIOLOGIA DO SOLO
650 _aAGRICULTURA
650 _aCLIMA TROPICAL
650 _aCURSO
909 _a202309
_bLucia
_c55
_dLucia Elande
942 _cBK
999 _c69970
_d69970